000 01143nam a2200325 i 4500
003 EG-GICUC
005 20260418171810.0
008 260418s1971 ua ||||fr|||| 00| 0 ara d
017 _a3422/1971
040 _a EG-GICUC
_bara
_c EG-GICUC
_d EG-GICUC
_erda
041 _aara
_hara
082 0 4 _221
_a345.141
_bخ ل . ر
092 0 4 _221
099 _aLaw1 07 345.141 خ ل . ر 1971
100 0 _aخليل جريج /
_eAuthor.
245 1 2 _aالرقابه القضائيه على اعمال التتشريع /
_cخليل جريج
264 _aالقاهره :
_bمطبعه الجبلاوي,
_c1971.
300 _a259صفحة
_bإيضاحيات، صور، مثيليات ؛
_c24 سم
336 _2rda content
_atext
337 _2rda media
_aComputer
338 _2rda carrier
_aOnline Resource
504 _aيشتمل علي ارجاعات ببلوجرافيا
546 _aالنص باللغة العربية
600 _aالدستور والتشريع الإداري
650 1 _2qrmak
651 1 _2qrmak
856 4 0 _uhttps://fll.law.cu.edu.eg/لآ07-03982/bks/test.pdf
905 _a163
942 _2ddc
_cBK
_e21
_n0
999 _c71686
_d71686